000 00673nam a2200217Ia 4500
008 191130s2011##################000#0#eng##
020 _a9780071221467
022 _a2009048218
040 _aACL
_cACL
082 _a302.23 DOM
100 _aDominick, Joseph R
245 _aDynamics of mass communication : media in transition
_cJoseph Dominick
250 _a11th ed
260 _aBoston
_bMcGraw-Hill Higher Education
_c2011
300 _axxiii, 482 p. : ill. (chiefly col.) ; 28 cm
500 _aIncludes bibliographical references and index
650 _aMass media
990 _ad7c46431ac10000c7a3339ba13ea08f7
991 _a9627
999 _c154600
_d154600